banner koha

Alocação de recursos e poder político: um exame das transferências voluntárias do MAPA (2008-2022) (Registro n. 300493)

MARC details
000 -LÍDER
Campo de controle fixo 01237nam a22003737a 4500
001 - NÚMERO DE CONTROLE
Número de controle BR2024001943
003 - CÓDIGO MARC DA AGÊNCIA CATALOGADORA
Campo de controle BR-BrBNA
005 - DATA E HORA DA ÚLTIMA ATUALIZAÇÃO
Campo de controle 20240711160915.0
008 - CAMPO DE TAMANHO FIXO
Campo fixo de controle 240711b bl.||||| |||| 00| 0 por d
040 ## - FONTE DA CATALOGAÇÃO
Agência catalogadora BR-BrBNA
Idioma da catalogação por
041 ## - CÓDIGO DO IDIOMA
Código do Idioma por
072 ## - CATEGORIA AGRIS
Código da categoria de assunto/objeto <a href="D10 ; E10 ; E13">D10 ; E10 ; E13</a>
090 ## - NÚMERO DE CHAMADA
Localização na estante D10 BR2024001943
100 0# - ENTRADA PRINCIPAL - NOME PESSOAL
Nome pessoal Silva, Wanessa Araújo Miquelino da
110 ## - ENTRADA PRINCIPAL - ENTIDADE
Nome da entidade ou lugar Fundação Getúlio Vargas, Brasília, DF (Brasil). Escola de Políticas Públicas e Governo
245 ## - TÍTULO PRINCIPAL
Título principal Alocação de recursos e poder político: um exame das transferências voluntárias do MAPA (2008-2022)
260 ## - IMPRENTA (PUBLICAÇÃO, DISTRIBUIÇÃO, ETC.)
Lugar de publicação, distribuição, etc. Brasília, DF (Brasil)
Data de publicação, distribuição, etc 2023
300 ## - DESCRIÇÃO FÍSICA
Extensão 64 p.
500 ## - NOTA GERAL
Notas gerais Bibliography p. 58-64 (51 ref.); Summaries (eng, por, spa); 1 illus.; 5 tables; 8 graphs
502 ## - NOTA DE DISSERTAÇÃO OU TESE
Nota de dissertação ou tese Dissertação (Mestre em Políticas Públicas e Governo)
650 ## - ASSUNTO - THESAGRO
Cabeçalho tópico ou nome geográfico POLÍTICAS PÚBLICAS
650 ## - ASSUNTO - THESAGRO
Cabeçalho tópico ou nome geográfico POLÍTICA GOVERNAMENTAL
650 ## - ASSUNTO - THESAGRO
Cabeçalho tópico ou nome geográfico POLÍTICA AGRÍCOLA
650 ## - ASSUNTO - THESAGRO
Cabeçalho tópico ou nome geográfico ADMINISTRAÇÃO PÚBLICA
650 ## - ASSUNTO - THESAGRO
Cabeçalho tópico ou nome geográfico DESPESA
650 ## - ASSUNTO - THESAGRO
Cabeçalho tópico ou nome geográfico ORÇAMENTO
650 ## - ASSUNTO - THESAGRO
Cabeçalho tópico ou nome geográfico RECURSO FINANCEIRO
650 ## - ASSUNTO - THESAGRO
Cabeçalho tópico ou nome geográfico DISTRIBUIÇÃO
650 ## - ASSUNTO - THESAGRO
Cabeçalho tópico ou nome geográfico AGRICULTURA
650 ## - ASSUNTO - THESAGRO
Cabeçalho tópico ou nome geográfico FINANCIAMENTO
650 ## - ASSUNTO - THESAGRO
Cabeçalho tópico ou nome geográfico LEGISLAÇÃO
909 ## - IDENTIFICAÇÃO DO CATALOGADOR
Ano e mês da catalogação (aaaamm) 202407
Identificação do catalogador Fernando
942 ## - TIPO ESPECÍFICO
Tipo de material Livros
952 ## - LOCATION AND ITEM INFORMATION (KOHA)
-- 2024-07-11
Exemplares
Status de empréstimo Fonte de classificação Status de danificação Não pode ser emprestado Código da coleção Localização permanente Localização atual Localização na estante Total Checkouts Número de chamada Código de barras Tipo de material
  Classificação AGRIS     Agrobase Biblioteca Nacional de Agricultura - Binagri Biblioteca Nacional de Agricultura - Binagri Agrobase - Acervo Geral   D10 BR2024001943 2024-3211 Livros

BINAGRI

Telefone: (61)3218-2567/2388/3357/2097 - binagri@agro.gov.br

Ministério da Agricultura e Pecuária , Esplanada dos Ministérios, Bloco D, Anexo B, Brasília/DF, CEP: 70.043-900